Persuasion Πειθώ
Ή Άννα Έλιοτ ακολούθησε τη συμβουλή της καλύτερης φίλης της και απέρριψε την πρόταση γάμου του νεαρού Φρέντερικ Γουέντγουορθ. Οκτώ χρόνια μετά, ο ανεκπλήρωτος έρωτάς της εξακολουθεί να τη βασανίζει, όπως και οι τύψεις για την ευκαιρία που έχασε. Ο Γουέντγουορθ, όμως, επιστρέφει στη ζωή της και η Άνν...
Saved in:
| Other Authors: | , , |
|---|---|
| Format: | |
| Language: | English Greek |
| Published: |
Αθήνα :
Prooptiki [Εταιρεία διανομής],
[1995].
|
| Series: | BBC classics
|
| Subjects: | |
| Tags: |
Add Tag
No Tags, Be the first to tag this record!
|
MARC
| LEADER | 00000cgm a2200000 i 4500 | ||
|---|---|---|---|
| 001 | 1/30281 | ||
| 008 | 130527s1995####gr ||| | || ||eng|| | ||
| 035 | |l 10114530 | ||
| 040 | |a GR-MyUa |b gre |e AACR2 | ||
| 041 | 0 | |a eng |j gre | |
| 082 | 0 | |a 791.437 |2 (22) | |
| 245 | 1 | 0 | |a Persuasion |h [μαγνητοσκόπηση] = |b Πειθώ / |c [directed by Roger Michell]. |
| 246 | 1 | |i Παράλληλος τίτλος: |a Πειθώ | |
| 260 | |a Αθήνα : |b Prooptiki [Εταιρεία διανομής], |c [1995]. | ||
| 300 | |a 1 βιντεοδίσκος (103 λεπτ.) : |b ομίλ., έγχρ. ; |c 4 3/4 ίν. | ||
| 490 | 1 | |a (BBC classics) | |
| 500 | |a Κυκλοφόρησε πρώτη φορά ως τηλεταινία το 1995. | ||
| 511 | 0 | |a Αμάντα Ρουτ, Κιάραν Χιντς. | |
| 520 | 8 | |a Ή Άννα Έλιοτ ακολούθησε τη συμβουλή της καλύτερης φίλης της και απέρριψε την πρόταση γάμου του νεαρού Φρέντερικ Γουέντγουορθ. Οκτώ χρόνια μετά, ο ανεκπλήρωτος έρωτάς της εξακολουθεί να τη βασανίζει, όπως και οι τύψεις για την ευκαιρία που έχασε. Ο Γουέντγουορθ, όμως, επιστρέφει στη ζωή της και η Άννα θα έχει μια ακόμη ευκαιρία στον έρωτα. Αυτή τη φορά, θα μπορέσει να ακολουθήσει την καρδιά και όχι τη λογική της; | |
| 546 | |a Στα αγγλικά με ελληνικούς υπότιτλους. | ||
| 651 | 0 | |a England |x Social life and customs |y 19th century |v Drama. | |
| 655 | 7 | |a Made-for-TV movies |2 lcgft | |
| 700 | 1 | |a Michell, Roger, |d 1956-2021, |e drt | |
| 700 | 1 | |a Root, Amanda, |e act | |
| 700 | 1 | |a Hinds, Ciaran, |d 1953- |e act | |
| 830 | 0 | |a BBC classics | |
| 852 | |a INST |b SYROS |c AV |e 20130527 |h 791.437 MIC |p 005500010844 |q 005500010844 |t DVD |y 23 | ||
| 901 | |a BIBL5-2008-1 | ||
| 922 | |a 5ΕΛΗ |b 200709 |c ΒΙΒΛΙΟΘΗΚΗ ΣΥΡΟΥ |d ANACO | ||
| 970 | |a ΚΟΝΤΟΥ |b ΠΑΡΑΣΚΕΥΗ |z 2013/05/27 | ||